|
|
|
|
| LEADER |
00000nam0a2200000 4500 |
| 001 |
139653 |
| 005 |
20231101220817.0 |
| 010 |
|
|
|a 5170420994
|
| 010 |
|
|
|a 5-478-00516-9
|
| 035 |
|
|
|a (RuTPU)RU\TPU\book\151285
|
| 090 |
|
|
|a 139653
|
| 100 |
|
|
|a 20080609d2007 m y0rusy50 ca
|
| 101 |
0 |
|
|a rus
|
| 102 |
|
|
|a RU
|
| 105 |
|
|
|a y j 001zy
|
| 200 |
1 |
|
|a Общее языкознание
|e учебное пособие
|f З. Д. Попова, И. А. Стернин
|g Воронежский государственный университет
|
| 205 |
|
|
|a 2-е изд., перераб. и доп.
|
| 210 |
|
|
|a Москва
|c Восток-Запад
|c АСТ
|d 2007
|
| 215 |
|
|
|a 408 с.
|
| 225 |
1 |
|
|a Лингвистика и межкультурная коммуникация. Золотая серия
|
| 320 |
|
|
|a Литература: с. 400-401.
|
| 330 |
|
|
|a В пособии по курсу «Общее языкознание» раскрываются основные проблемы теоретического языкознания с учетом современных достижений отечественной и зарубежной лингвистики и исследований теоретико-лингвистической школы Воронежского государственного университета. Для студентов старших курсов, магистров и аспирантов филологических специальностей университетов.
|
| 610 |
1 |
|
|a языкознание
|
| 610 |
1 |
|
|a теория
|
| 610 |
1 |
|
|a история
|
| 610 |
1 |
|
|a язык
|
| 610 |
1 |
|
|a речевое общение
|
| 610 |
1 |
|
|a коммуникативные системы
|
| 610 |
1 |
|
|a происхождение
|
| 610 |
1 |
|
|a мышление
|
| 610 |
1 |
|
|a знаки
|
| 610 |
1 |
|
|a знаковость
|
| 610 |
1 |
|
|a системность
|
| 610 |
1 |
|
|a модели
|
| 610 |
1 |
|
|a фонемы
|
| 610 |
1 |
|
|a слово
|
| 610 |
1 |
|
|a лексика
|
| 610 |
1 |
|
|a морфемы
|
| 610 |
1 |
|
|a словообразование
|
| 610 |
1 |
|
|a синтаксис
|
| 610 |
1 |
|
|a речевая деятельность
|
| 610 |
1 |
|
|a текст
|
| 610 |
1 |
|
|a общество
|
| 610 |
1 |
|
|a учебные пособия
|
| 686 |
|
|
|a Ш10я73
|v LBC/SL-A
|2 rubbk
|
| 700 |
|
1 |
|a Попова
|b З. Д.
|g Зинаида Даниловна
|
| 701 |
|
1 |
|a Стернин
|b И. А.
|g Иосиф Абрамович
|
| 712 |
0 |
2 |
|a Воронежский государственный университет
|2 stltpush
|3 (RuTPU)RU\TPU\col\4805
|9 24026
|
| 801 |
|
1 |
|a RU
|b 63413507
|c 20080609
|g PSBO
|
| 801 |
|
2 |
|a RU
|b 63413507
|c 20081107
|g PSBO
|
| 900 |
|
|
|a Общее языкознание
|
| 942 |
|
|
|c BK
|
| 959 |
|
|
|a 65/20080529
|d 1
|e 349,80
|f ЧЗИЛ:1
|